000 00298nam a2200133Ia 4500
008 221030s9999 xx 000 0 und d
041 _aEnglish
082 _a105.23
_bMCA
245 0 _aExpert Data Structures With C++
_bFLOPPY
260 _c2006
650 _aBook
700 _aRauthan
942 _cCD
999 _c273
_d273